| 000 | 00978nam a22003377a 4500 | ||
|---|---|---|---|
| 001 | BR7602547 | ||
| 003 | BR-BrBNA | ||
| 005 | 20230928084951.0 | ||
| 007 | ta | ||
| 008 | 230509b bl.||||| |||| 00| 0 por d | ||
| 040 |
_aBR-BrBNA _bpor _cBiblioteca Nacional de Agricultura |
||
| 041 | _a(Por) | ||
| 072 |
_aF00; F25; H00 _b0332 _b/G514 |
||
| 090 | _ 0332 BR7602547 | ||
| 110 | 1 | _aQuimica Industrial Brasileira, S.A., Santo Andre, SP | |
| 245 | 1 | _aAmendoim do plantio a colheita [Arachis hipogaea; Adubacao; Calagem; Praga de planta; Inseto; Brasil] | |
| 260 | 3 |
_aSanto Andre, SP (Brasil): _cMay 1976. |
|
| 300 | _a9 p. | ||
| 500 | _a7 illus. | ||
| 650 | _aProducao vegetal | ||
| 650 | _aFertilidade do solo | ||
| 650 | _aDefesa vegetal | ||
| 650 | _aPraga de planta | ||
| 650 | _aDoenca de planta | ||
| 650 | _aAmendoim | ||
| 650 | _aPratica cultural | ||
| 650 | _aAdubacao | ||
| 650 | _aColheita | ||
| 909 |
_a202309 _bLucia _c55 _dLucia Elande |
||
| 942 | _cBK | ||
| 999 |
_c22161 _d22161 |
||